Normale Ansicht MARC-Ansicht ISBD

Ein Hauch von Abschied nach über 40 Jahren (Titelsatznr. 374184)

[ MARC ]
MARC-Details
000 -Satzkennung
Kontrollfeld mit fester Länge 00771nab a2200193 4500
001 - Kontrollnummer
Kontrollfeld 244442
003 - Kontrollnummer Identifier
Kontrollfeld OSt
005 - Datum und Zeit der letzten Transaktion
Kontrollfeld 20260108142633.0
007 - Feld mit fester Länge zur physischen Beschreibung - Allgemeine Information
Kontrollfeld mit fester Länge tu
008 - Feld mit fester Länge zur physischen Beschreibung - Allgemeine Angaben
Kontrollfeld mit fester Länge 260108s2020|||||||
040 ## - Katalogisierungsquelle
Original-Katalogisierungsstelle DE-2950
Übertragungsstelle DE-2950
245 00 - Titel
Titel Ein Hauch von Abschied nach über 40 Jahren
Zusatz zum Titel Kultur. Der langjährige Chorleiter Rudolf Tiersch kündigt seinen baldigen Ausstieg an, die aktuelle Weihnachtssaison soll die vorerst letzte gewesen sein. Mjtsingen aber will er weiterhin. Ein Blick zurück auf seine Zeit bei Singakademie Frankfurt (Oder)
Verfasserangabe etc. Nicole Buhlau
264 ## - Produktion, Veröffentlichung, Distribution, Herstellung und Urheberrechtsvermerk
Datum der Herstellung, der Veröffentlichung, des Vertriebs oder des Urheberschutzvermerks 2025
653 ## - Indexierungsterm - Nicht normiert
Nicht-normierter Term Frankfurt (Oder)
653 ## - Indexierungsterm - Nicht normiert
Nicht-normierter Term Singakademie
653 ## - Indexierungsterm - Nicht normiert
Nicht-normierter Term Rudolf Tiersch
773 0# - Übergeordnete Einheit
Verknüpfungsangaben 36. Jahrgang (2025) Nr. 301 vom 29.12.2025, S. 13 mit Foto
Titel Märkische Oderzeitung
942 ## - Zusätzliche Felder (Koha)
Klassifikation oder Aufstellungssystematik Andere/Generische Klassifikation
Koha-Medientyp Aufsätze
Exemplare
Ausgeschieden Verloren Klassifikation oder Aufstellungssystematik Beschädigt Nicht entleihbar Heimatbibliothek Aufenthaltsbibliothek Aufstellungsort Erwerbungsdatum Anzahl Ausleihen Signatur Letzte Aktivität Preis gültig von Koha-Medientyp
    Andere/Generische Klassifikation     Stadtarchiv Frankfurt (Oder) | Archivbibliothek Stadtarchiv Frankfurt (Oder) | Archivbibliothek Magazin 08/01/2026   Z2 08/01/2026 08/01/2026 Aufsätze